Hombres cosechadores del bosque pluvial bajo del Chocó, estudio paleoetnobotánico (Registro nro. 11367)

Detalles MARC
000 -CABECERA
Campo de control 004980000a22001570004500
090 ## - CLASIFICACIÓN LOCAL
Colección AR
Consecutivo 02295
041 0# - IDIOMA
Código de idioma para texto/pista de sonido o título separado
100 1# - ASIENTO PRINCIPAL--NOMBRE PERSONAL
Nombre personal Romero Picón, Yuri
245 10 - MENCION DE TITULO
Título Hombres cosechadores del bosque pluvial bajo del Chocó, estudio paleoetnobotánico
650 14 - ASIENTO SECUNDARIO DE MATERIA - TERMINO TEMATICO
Término temático o nombre geográfico como elemento de entrada Arqueología
650 14 - ASIENTO SECUNDARIO DE MATERIA - TERMINO TEMATICO
Término temático o nombre geográfico como elemento de entrada Vegetación
650 14 - ASIENTO SECUNDARIO DE MATERIA - TERMINO TEMATICO
Término temático o nombre geográfico como elemento de entrada Paleontología
651 #4 - ASIENTO SECUNDARIO DE MATERIA - NOMBRE GEOGRAFICO
-- Chocó
-- Colombia
773 1# - Item fuente:
Título Revista Colombiana de Antropología
Especificación de materiales 373
Paginas del Articulo 199-218
Lugar, editorial y fecha de publicación 1995
Información sobre la relación 32
942 ## - ELEMENTOS ADICIONALES (KOHA)
Tipo de ítem Artículo
Existencias
Withdrawn status Lost status Damaged status No para préstamo Colección Ubicación Permanente Ubicación actual Fecha de adquisición Fuente de Valor Datos de publicación Seriada Total Checkouts Número topográfico Inventario / Código de Barras Date last seen Ejemplar Price effective from Forma de adquisición Tipo de material
      No para Préstamo Hemeroteca Bogotá Bogotá 27/02/2015 Instituto de Ciencias Naturales Fuera de circulación   AR 02295 012682 25/03/2015 1 25/03/2015   Artículo
      No para Préstamo Hemeroteca Bogotá Bogotá 27/02/2015 Instituto de Ciencias Naturales Fuera de circulación   AR 02295 012683 25/03/2015 2 25/03/2015   Artículo